Films de Christian Clavier Mort Subite - Statistiques

Statistiques générales
  • Ce quiz a été pris 117 fois
  • Le résultat moyen est 5 sur 12
Answers on the Grid
Answers color-coded by a green-red scale on the quiz's grid according to % correct below.
Les 30 glorieuses
Qu'est ce qu'on a fait au bon Dieu
Momo
Les bronzés font du ski
Allibi.com
Supercondriaque
Babysitting 1
Les Tuches 4
La Chtit'e famille
Le père noël est une ordure
30 jours max
Les profs
Bienvenue chez les chti
Mes chères parents
Les choristes
Les 2 Alfred
Un sac de bille
Retourne chez ton père
Notre Dame
Bienvenue chez les Malawas
Haut les mains
Cocorico
Alerte code rouge
Encore toi ?
Jamais sans mon psy
Les 3 frères
Le routard
Les vengeances de maîtres Poutifard
Intouchable
Les visiteurs
 
Statistiques - réponses
Réponse % Correct
Qu'est ce qu'on a fait au bon Dieu
94%
Les bronzés font du ski
88%
Le père noël est une ordure
65%
Les visiteurs
50%
Les profs
46%
Cocorico
38%
Momo
35%
Bienvenue chez les Malawas
24%
Les vengeances de maîtres Poutifard
22%
Jamais sans mon psy
21%
Le routard
13%
Un sac de bille
4%
Aucun quiz correspondant
Distribution des résultats
% des personnes avec chaque résultat
Percentile par nombre de réponses
Votre historique - résultats
Vous n’avez pas pris ce quiz